| 000 | 00941cab a2200277 4500 | ||
|---|---|---|---|
| 001 | ABS54394 | ||
| 008 | 090401t1996 xxu||||| |||| 00| 0 eng d | ||
| 035 | _a(Sirsi) u10094 | ||
| 041 | _aeng | ||
| 100 | _aMoore, L. | ||
| 245 | _aAppeal cheer for developers | ||
| 260 | _c1996 | ||
| 350 | _a0 | ||
| 490 |
_aProperty Week _v54(4) 25 January 1996, 36-37(2) |
||
| 520 | _aA planning appeal involving Warwick DC and development of an old gas works site made important determinations on how contamination should be dealt with as part of the planning process. Reference to use of NHBC warranties on defective clean-up work. | ||
| 650 | _aBROWNFIELD SITES | ||
| 650 | _aCLEAN-UP | ||
| 650 | _aCONTAMINATED SITES | ||
| 650 | _aPLANNING APPEALS | ||
| 650 | _aPPG23 | ||
| 650 | _aRESIDENTIAL DEVELOPMENT | ||
| 690 | _aENVIRONMENTAL AND LAND CONSULTANCY | ||
| 690 | _aPLANNING LAW AND PRACTICE | ||
| 942 | _n0 | ||
| 948 | _c04/03/1997 | ||
| 999 |
_c6342 _d6342 |
||